| 000 | 00558nam a2200217Ia 4500 | ||
|---|---|---|---|
| 005 | 20241129110040.0 | ||
| 008 | 241129s9999||||xx |||||||||||||| ||und|| | ||
| 020 | _a978-963-191-904-9 | ||
| 037 | _aTB | ||
| 040 |
_aARTS _beng _cARTS |
||
| 041 |
_aeng _2per |
||
| 084 |
_aO164,1M95x R1 _qARTS |
||
| 100 |
_aYousheej Nema Au. _9727038 |
||
| 245 | 0 |
_aGuzina-e-ashar _cYousheej Nema Au. |
|
| 260 | _c2016 | ||
| 300 | _a339p. | ||
| 365 |
_aINR _b1200 |
||
| 650 | _aPersian Poetry | ||
| 942 |
_cTB _hO164,1M95x R1 |
||
| 999 |
_c1227130 _d1227130 |
||